Brazilian Geography on the Map - Statistics

General Stats
  • This quiz has been taken 41 times
    35 since last reset
  • The average score is 15 of 26
Answers on the Map
Answers color-coded by a green-red scale on the quiz's map according to % correct below.
 
Answer Stats
Answer % Correct
Rio de Janeiro
97%
São Paulo
97%
Manaus
90%
Amazon River
86%
Belo Horizonte
86%
Salvador
86%
Porto Alegre
83%
Paraná River
79%
Recife
79%
Acre
66%
Goiás
66%
Uruguay River
59%
Espírito Santo
55%
Pampas
55%
Rio Negro
55%
Paraíba
52%
São Luís
45%
Madeira River
41%
São Francisco River
41%
Sugarloaf Mountain
41%
Pantanal
38%
Marajó Island
28%
Mount Roraima
28%
Caatinga / Sertão
24%
Pico da Neblina
21%
Corcovado
17%
No matching quizzes found
Score Distribution
Percent of People with Each Score
Percentile by Number Answered
Your Score History
You have not taken this quiz since the last reset